| 000 | 00496nam a22001817a 4500 | ||
|---|---|---|---|
| 003 | BD-ChCU | ||
| 005 | 20260215122529.0 | ||
| 008 | 260215b bg ||||| |||| 00| 0 ben d | ||
| 040 | _cBD-ChCU | ||
| 082 | _a547 TAO(2) | ||
| 100 |
_aTaylor, G. A. _920301 |
||
| 245 |
_aOrganic chemistry for students of biology and medicine.// _cG. A. Taylor. |
||
| 250 | _a2nd ed, | ||
| 260 |
_aLondon _bLongman. _c1979 |
||
| 300 | _avii, 328p | ||
| 650 | 0 |
_aChemistry, Organic. _920302 |
|
| 942 |
_2ddc _cBK _n0 |
||
| 999 |
_c111594 _d111594 |
||